People in the Bible - Statistics

General Stats
  • This quiz has been taken 20 times
  • The average score is 7 of 10
Answer Stats
Question Answer % Correct
What was the name of Adam and Eve's third Son? Seth
100%
Which of the 12 spies sent to Canaan by Moses remained faithful? Joshua and Caleb
83%
Which island was John exiled where he died of old age? Patmos
78%
Which of these were part of the 12 disciples Matthew, Andrew, and Bartholomew
72%
Who did Paul have a "sharp disagreement" with, that caused them to part ways on a mission? Barnabas
67%
Benjamin (Son of my right hand) was originally given what name by his mother? Ben-oni (Son of my sorrow)
67%
What was the name of the man who died for touching the ark of the covenant, which was wrongly being carried by ox cart Uzzah
56%
What were the names of the sons of Aaron, who were smitten for intentionally offering a false sacrifice? Nadab and Abihu
50%
Which prophet was required to bake his bread over dung? Ezekiel
44%
Which of David's sins prompted the Lord to send and angel to threaten Jerusalem? Holding a census
39%
No matching quizzes found
Score Distribution
Percent of People with Each Score
Percentile by Number Answered
Your Score History
You have not taken this quiz